Central Library OPAC University of Rajshahi

Business accounts : (Record no. 15719)

MARC details
000 -LEADER
fixed length control field 00837nam a2200265 a 4500
001 - CONTROL NUMBER
control field 15719
003 - CONTROL NUMBER IDENTIFIER
rucl marc code BD-RjUL
005 - DATE AND TIME OF LATEST TRANSACTION
control field 20211208235855.0
008 - FIXED-LENGTH DATA ELEMENTS--GENERAL INFORMATION
fixed length control field 170118m19601951enka 001 0 eng d
035 ## - SYSTEM CONTROL NUMBER
System control number (BD-RjUL)15774
040 ## - CATALOGING SOURCE
Original cataloging agency UKM
Transcribing agency UKM
Modifying agency BD-RjUL
Language of cataloging eng
041 ## - LANGUAGE CODE
Language code of text/sound track or separate title eng
082 04 - DEWEY DECIMAL CLASSIFICATION NUMBER
Classification number 657.2
Edition number 23
Author mark and year TEB 1960
100 1# - MAIN ENTRY--PERSONAL NAME
Personal name Terry, L. A.
9 (RLIN) 48762
245 10 - TITLE STATEMENT
Title Business accounts :
Remainder of title a course in book-keeping on modern lines /
Statement of responsibility, etc. L. A. Terry and W. T. Smith
250 ## - EDITION STATEMENT
Edition statement 3rd ed. re.
260 ## - PUBLICATION, DISTRIBUTION, ETC. (IMPRINT)
Place of publication, distribution, etc. London :
Name of publisher, distributor, etc. Sir Isaac Pitman & Sons,
Date of publication, distribution, etc. 1957 [reprinted 1960].
300 ## - PHYSICAL DESCRIPTION
Pagination vi, 393 p. :
Illustrations ill. ;
Size 23 cm.
500 ## - GENERAL NOTE
General note Includes index.
650 #0 - SUBJECT ADDED ENTRY--TOPICAL TERM
Topical term or geographic name as entry element Accounting
General subdivision Study and teaching.
9 (RLIN) 47520
Topical term or geographic name as entry element Accounting
General subdivision Problems, exercises, etc.
9 (RLIN) 45371
Topical term or geographic name as entry element Accounting.
9 (RLIN) 48763
700 1# - ADDED ENTRY--PERSONAL NAME
Personal name Smith, W. T.
942 ## - ADDED ENTRY ELEMENTS (KOHA)
Source of classification or shelving scheme Dewey Decimal Classification
Koha item type Books
Holdings
Lost status Source of classification or shelving scheme Damaged status Not for loan Collection code Permanent Location Current Location Shelving location Date acquired Source of acquisition Cost, normal purchase price Total Checkouts Full call number Date last seen Copy number Koha item type
  Dewey Decimal Classification     Non-fiction Central Library, University of Rajshahi Central Library, University of Rajshahi   20/03/1963 Zeitlinger 9.00   657.2 TEB 1960 10/02/2014 C-4 Books
  Dewey Decimal Classification   Not For Loan Non-fiction Central Library, University of Rajshahi Central Library, University of Rajshahi Reading Room 20/03/1963 Zeitlinger 9.00   657.2 TEB 1960 18/01/2017 C-1 Books
  Dewey Decimal Classification     Non-fiction Central Library, University of Rajshahi Central Library, University of Rajshahi   20/03/1963 Zeitlinger 9.00   657.2 TEB 1960 27/03/2019 C-2 Books
  Dewey Decimal Classification     Non-fiction Central Library, University of Rajshahi Central Library, University of Rajshahi   20/03/1963 Zeitlinger 9.00   657.2 TEB 1960 27/03/2019 C-3 Books